Brooklyn 99 - Actor - Statistics

General Stats
  • This quiz has been taken 38 times
  • The average score is 5 of 12
Answer Stats
Picture Hint Answer % Correct
Jake Peralta Andy Samberg
91%
Terry Jeffords Terry Crews
86%
Amy Santiago Melissa Fumero
71%
Ray Holt / Captain Holt Andre Braugher
66%
Gina Linetti Chelsea Peretti
60%
Charles Boyle Joe Lo truglio
43%
Sophia Perez Eva Longoria
23%
Doug Judy Craig Robinson
20%
Hitchcock Dirk Blocker
20%
Norm Scully Joel McKinnon Miller
17%
Adrian Pimento Jason Mantzoukas
9%
Rosa Diaz Stephanie Beartiz
0%
No matching quizzes found
Score Distribution
Percent of People with Each Score
Percentile by Number Answered
Your Score History
You have not taken this quiz